Ghost stories : tales of horror, mystery and the supernatural
| Other Authors: | |
|---|---|
| Format: | Book |
| Published: |
[s.l] :
Miles Kelly : 2008
|
| Subjects: |
MARC
| LEADER | 00000cam a2200000 7i4500 | ||
|---|---|---|---|
| 001 | 0000030027 | ||
| 005 | 20101210.0 | ||
| 008 | 101210 | ||
| 020 | |a 1842365854 | ||
| 090 | 0 | 0 | |a 808.838733 |b GHO |
| 245 | 1 | 0 | |a Ghost stories : |b tales of horror, mystery and the supernatural |c edited by Vic Parker |
| 260 | |a [s.l] : |b Miles Kelly : |b 2008 | ||
| 650 | 0 | |a Ghost stories, American | |
| 650 | 0 | |a Ghost stories, English | |
| 700 | 1 | |a Parker, Vic | |
| 999 | |a 0001073299 |b Book |c Adult Collection |e Perbadanan Perpustakaan Awam Johor | ||